| 000 | 00549nam a2200181Ia 4500 | ||
|---|---|---|---|
| 003 | GCL | ||
| 008 | 140319s9999 xx 000 0 eng d | ||
| 040 |
_aGCL / _cGCL |
||
| 082 | 0 | 4 |
_a327.73053.32 _bA Y |
| 100 | 1 | _aALMADHOGI, AHMED | |
| 245 | 1 | 0 |
_aYEMEN AND THE UNITED STATES: A STUDY OF SMALL POWER AND SUPER - STATE REVOLUTIONSHIP / _cALMADHOGI, AHMED |
| 700 | 1 | _aNOMAN, KASSIM | |
| 260 |
_a[S.N] : _bTOURIS ACADEMIC STUDIES ، _c1996 |
||
| 300 | _a234 P | ||
| 650 | 0 | 4 | _aYEMEN |
| 650 | 0 | 4 | _aUNITED STATES - FOREIGN RELATIONS |
| 942 |
_2ddc _cBK |
||
| 999 |
_c13680 _d13680 |
||